000
00321nam a22001337a 4500
008
170206b xxu||||| |||| 00| 0 eng d
020
_a
9781437701289
041
_a
eng
080
_2
9ed
_a
61
100
_a
3
101
_a
SHM
245
_a
INSURANCE HANDBOOK FOR THE MEDICAL OFFICE
_c
MARILYN .T FORDNEY
942
_2
udc
_c
BK
999
_c
4685
_d
4685